[Event "Tambov Pavlyutin Memorial 5th"]
[Site "Tambov"]
[Date "2015.06.28"]
[Round "9"]
[White "Seryogin, Peter V"]
[Black "Uryupin, Igor Nikolaevich"]
[Result "1-0"]
[WhiteElo "2278"]
[BlackElo "2220"]
[PlyCount "51"]
[EventDate "2015.06.24"]
[EventType "tourn"]
[EventRounds "9"]
[EventCountry "RUS"]
[SourceTitle "CBM 167 Extra"]
[Source "ChessBase"]
[SourceDate "2015.09.14"]
[SourceVersion "1"]
[SourceVersionDate "2015.09.14"]
[SourceQuality "1"]

1. e4 c5 2. Nc3 Nc6 3. Bb5 Nd4 4. Bc4 e6 5. Nge2 Ne7 6. 0-0 d5 7. exd5 exd5 8. Nxd5 Nxd5 9. Nxd4 cxd4 10. Qh5 Be6 11. Re1 Be7 12. Rxe6 0-0 13. Bxd5 fxe6 14. Bxe6+ Kh8 15. Bf5 h6 16. Qg6 Kg8 17. Qh7+ Kf7 18. Bg6+ Kf6 19. Bh5 Rg8 20. Qg6+ Ke5 21. Bg4 Bf6 22. d3 Kd6 23. Bf4+ Kc6 24. Qe4+ Qd5 25. Bd7+ Kc5 26. b4+ 1-0

[Event "Tambov Pavlyutin Memorial 5th"]
[Site "Tambov"]
[Date "2015.06.24"]
[Round "1"]
[White "Semenov, Rinat"]
[Black "Seryogin, Peter V"]
[Result "0-1"]
[WhiteElo "2140"]
[BlackElo "2278"]
[PlyCount "76"]
[EventDate "2015.06.24"]
[EventType "tourn"]
[EventRounds "9"]
[EventCountry "RUS"]
[SourceTitle "CBM 167 Extra"]
[Source "ChessBase"]
[SourceDate "2015.09.14"]
[SourceVersion "1"]
[SourceVersionDate "2015.09.14"]
[SourceQuality "1"]

1. d4 e6 2. c4 f5 3. Nf3 Nf6 4. d5 Bb4+ 5. Bd2 Qe7 6. dxe6 Bxd2+ 7. Qxd2 dxe6 8. Nc3 0-0 9. 0-0-0 Nc6 10. Nd4 Bd7 11. f3 Rad8 12. e3 e5 13. Nxc6 Bxc6 14. Qc2 e4 15. Rxd8 Rxd8 16. Qf2 exf3 17. gxf3 Ng4 18. fxg4 Bxh1 19. gxf5 Re8 20. Kd2 Qd6+ 21. Kc1 Qe5 22. Kd2 Be4 23. Nxe4 Qxb2+ 24. Ke1 Qa1+ 25. Ke2 Rxe4 26. Kf3 Qe5 27. Qd2 Qxf5+ 28. Ke2 Re8 29. Bg2 c6 30. a4 Qg4+ 31. Kf1 Qxc4+ 32. Kf2 Qh4+ 33. Kg1 Rd8 34. Qa2+ Kh8 35. Qf7 Qe1+ 36. Bf1 Qxe3+ 37. Kg2 Qg5+ 38. Kh1 Qd5+ 0-1

[Event "Tambov Pavlyutin Memorial 5th"]
[Site "Tambov"]
[Date "2015.06.24"]
[Round "2"]
[White "Seryogin, Peter V"]
[Black "Shcherbakov, Nikolay"]
[Result "1-0"]
[WhiteElo "2278"]
[BlackElo "1908"]
[PlyCount "63"]
[EventDate "2015.06.24"]
[EventType "tourn"]
[EventRounds "9"]
[EventCountry "RUS"]
[SourceTitle "CBM 167 Extra"]
[Source "ChessBase"]
[SourceDate "2015.09.14"]
[SourceVersion "1"]
[SourceVersionDate "2015.09.14"]
[SourceQuality "1"]

1. e4 d5 2. Nc3 dxe4 3. Nxe4 Nf6 4. Nxf6+ gxf6 5. d4 Nc6 6. c3 Bf5 7. Qb3 Qc8 8. Bc4 Nd8 9. Ne2 Bg7 10. 0-0 0-0 11. Ng3 Bg6 12. Re1 e5 13. h4 h6 14. Qd1 Nc6 15. Nh5 Qf5 16. Nxg7 Kxg7 17. d5 Rad8 18. g4 Qc8 19. h5 Bh7 20. Qf3 Ne7 21. Bxh6+ Kxh6 22. Qxf6+ Bg6 23. Re4 Kh7 24. hxg6+ Nxg6 25. Kg2 Rd6 26. Rh1+ Kg8 27. Qg5 f5 28. Rxe5 fxg4 29. Re6 Rxe6 30. dxe6 Kg7 31. e7 Re8 32. Rh6 1-0

[Event "Tambov Korensky Memorial 22nd"]
[Site "Tambov"]
[Date "2013.08.18"]
[Round "2"]
[White "Zinovjev, Yury V"]
[Black "Seryogin, Peter V"]
[Result "1/2-1/2"]
[WhiteElo "2142"]
[BlackElo "2265"]
[PlyCount "61"]
[EventDate "2013.08.17"]
[EventType "swiss"]
[EventRounds "9"]
[EventCountry "RUS"]
[SourceTitle "CBM 156 Extra"]
[Source "ChessBase"]
[SourceDate "2013.10.22"]
[SourceVersion "1"]
[SourceVersionDate "2013.10.22"]
[SourceQuality "1"]

1. e4 g6 2. d4 c6 3. Bc4 d5 4. exd5 cxd5 5. Bd3 Nc6 6. c3 Bg7 7. Bf4 Nf6 8. h3 0-0 9. Nf3 a6 10. a4 Nd7 11. 0-0 e5 12. dxe5 Ndxe5 13. Nxe5 Nxe5 14. Bxe5 Bxe5 15. Nd2 Bc7 16. Nf3 Qd6 17. Qd2 Kg7 18. Rfd1 Be6 19. Bf1 Rad8 20. Qd4+ f6 21. a5 Rfe8 22. Re1 Bf7 23. g3 Rxe1 24. Nxe1 Re8 25. Nc2 Qd8 26. b4 Be5 27. Qd2 Qc7 28. Nd4 Rc8 29. Rc1 Bd6 30. Rc2 Be5 31. Rc1 1/2-1/2

[Event "CFO-chT"]
[Site "Kaluga"]
[Date "2012.10.31"]
[Round "1.2"]
[White "Kostin, Sergei Anatolievich"]
[Black "Seryogin, Peter V"]
[Result "0-1"]
[WhiteElo "2324"]
[BlackElo "2257"]
[PlyCount "154"]
[EventDate "2012.10.31"]
[EventType "swiss"]
[EventRounds "9"]
[EventCountry "RUS"]
[SourceTitle "EXT 2014"]
[Source "ChessBase"]
[SourceDate "2013.11.20"]
[SourceVersion "1"]
[SourceVersionDate "2013.11.20"]
[SourceQuality "1"]

1. d4 e6 2. c4 f5 3. Nf3 Nf6 4. Bf4 Bb4+ 5. Nbd2 0-0 6. a3 Bxd2+ 7. Qxd2 d6 8. e3 Qe7 9. h3 Nbd7 10. Bh2 b6 11. Be2 Bb7 12. 0-0 Ne4 13. Qc2 Rf6 14. Ne1 Rg6 15. Bf3 Rh6 16. Rd1 Ndf6 17. Qe2 Rf8 18. Rc1 Ba6 19. b4 g5 20. Bxe4 fxe4 21. f3 exf3 22. Qxf3 Nd7 23. Qg4 Rxf1+ 24. Kxf1 Rg6 25. Kg1 Nf6 26. Qe2 g4 27. hxg4 Nxg4 28. Nf3 Bb7 29. e4 Qg7 30. d5 Qh6 31. Rc3 Qh5 32. Rc2 e5 33. Bg3 Bc8 34. Bh4 Nh6 35. Qf2 Bg4 36. Nh2 Bh3 37. Qe1 Nf7 38. Kh1 Bd7 39. g3 c6 40. Qe2 Qh6 41. Qf3 Ng5 42. Bxg5 Qxg5 43. Rf2 Qe7 44. Nf1 Bg4 45. Qg2 cxd5 46. cxd5 Qg5 47. Kg1 h5 48. Rc2 Rf6 49. Rc3 Kh7 50. Rc7+ Kg6 51. Rc3 Kh7 52. Nd2 Rf7 53. Nf1 Qf6 54. Nd2 Qg5 55. Nf1 Qf6 56. Ne3 Bf3 57. Qc2 Qg6 58. Nf5 Bxe4 59. Qxe4 Rxf5 60. Rc7+ Kg8 61. Rc8+ Kg7 62. Qe3 Rf7 63. Kh2 Qg4 64. Rc3 h4 65. gxh4 Qxh4+ 66. Kg2 Kh7 67. Qh3 Qxh3+ 68. Kxh3 Kg6 69. Kg4 Rf4+ 70. Kg3 Rd4 71. Rc7 Rxd5 72. Rxa7 b5 73. a4 bxa4 74. Rxa4 Rd4 75. Ra6 Kf5 76. b5 d5 77. b6 Rb4 0-1

[Event "Tambov Korensky Memorial 21st"]
[Site "Tambov"]
[Date "2012.08.26"]
[Round "9"]
[White "Seryogin, Peter V"]
[Black "Lomakina, Galja"]
[Result "1-0"]
[WhiteElo "2245"]
[BlackElo "2063"]
[PlyCount "91"]
[EventDate "2012.08.18"]
[EventType "swiss"]
[EventRounds "9"]
[EventCountry "RUS"]
[SourceTitle "CBM 150 Extra"]
[Source "ChessBase"]
[SourceDate "2012.10.19"]
[SourceVersion "1"]
[SourceVersionDate "2012.10.19"]
[SourceQuality "1"]

1. e4 g6 2. d4 Bg7 3. Nf3 d6 4. Bd3 Nf6 5. 0-0 0-0 6. c3 Nbd7 7. Nbd2 c5 8. Re1 b6 9. a4 a6 10. b4 Qc7 11. Bb2 e6 12. Rc1 Bb7 13. Ba3 Rfd8 14. Qc2 Rac8 15. Qb1 Rb8 16. Nf1 Rdc8 17. Ng3 Qd8 18. Bb2 Nf8 19. Rcd1 Qe8 20. Qa1 Qe7 21. Bc1 h6 22. bxc5 dxc5 23. Bf4 Ra8 24. Ne5 g5 25. Be3 N8d7 26. Nxd7 Nxd7 27. Qa3 Bf8 28. Qa2 cxd4 29. cxd4 Rc3 30. Qe2 Ra3 31. f4 gxf4 32. Bxf4 Qh4 33. Rf1 Bg7 34. Be3 Rxa4 35. Rf4 Qe7 36. e5 f5 37. Nh5 Bf8 38. g4 fxg4 39. Rxg4+ Kh8 40. Nf4 Nxe5 41. dxe5 Rxf4 42. Bxf4 Bg7 43. Qe3 Qc7 44. Bxh6 Bxe5 45. Bf4 Bxf4 46. Qh3+ 1-0

[Event "Tambov Korensky Memorial 21st"]
[Site "Tambov"]
[Date "2012.08.23"]
[Round "6"]
[White "Seryogin, Peter V"]
[Black "Uryupin, Igor Nikolaevich"]
[Result "1-0"]
[WhiteElo "2245"]
[BlackElo "2278"]
[PlyCount "133"]
[EventDate "2012.08.18"]
[EventType "swiss"]
[EventRounds "9"]
[EventCountry "RUS"]
[SourceTitle "CBM 150 Extra"]
[Source "ChessBase"]
[SourceDate "2012.10.19"]
[SourceVersion "1"]
[SourceVersionDate "2012.10.19"]
[SourceQuality "1"]

1. e4 c5 2. Nc3 e6 3. f4 a6 4. Nf3 Qc7 5. d3 Nc6 6. Be2 b5 7. 0-0 b4 8. Nb1 Nf6 9. Qe1 Nd4 10. Bd1 Be7 11. Nxd4 cxd4 12. Nd2 0-0 13. Nb3 Bc5 14. Nxc5 Qxc5 15. a3 bxa3 16. Rxa3 d6 17. Ra5 Qc7 18. Rg5 Ne8 19. f5 f6 20. Rh5 e5 21. Qh4 h6 22. Bxh6 Kf7 23. Bd2 Ke7 24. Rh7 Kd8 25. Qe1 a5 26. c3 Qb6 27. c4 a4 28. Bb4 Bd7 29. Bh5 Qa7 30. Bxe8 Bxe8 31. Bxd6 Rf7 32. Qg3 Qd7 33. Ba3 Ra7 34. Qe1 Qc6 35. Rf3 Kc8 36. Rh8 Kb8 37. Qb4+ Ka8 38. b3 axb3 39. Qxb3 Rfb7 40. Bb4 Rb6 41. Rg3 Rf7 42. h4 Kb7 43. Rg8 Qd7 44. c5 Rb5 45. Qc4 Kc6 46. Ba3 Re7 47. Qa4 Qb7 48. Kh2 Bf7 49. R8xg7 Rd7 50. Qd1 Qa6 51. Bc1 Qa1 52. Qd2 Rxc5 53. Bb2 Qa2 54. Qh6 Rd6 55. Ba3 Qxa3 56. Rxf7 Kb5 57. Qf8 Rb6 58. Rc7 Rc3 59. Qxa3 Rxa3 60. h5 Rb8 61. h6 Rh8 62. h7 Raa8 63. Kh3 Kb4 64. Kh4 Ra1 65. Kh5 Raa8 66. Kg6 Ra6 67. Kg7 1-0

[Event "Tambov Korensky Memorial 21st"]
[Site "Tambov"]
[Date "2012.08.21"]
[Round "4"]
[White "Seryogin, Peter V"]
[Black "Sychev, Vitaly"]
[Result "1-0"]
[WhiteElo "2245"]
[BlackElo "2066"]
[PlyCount "89"]
[EventDate "2012.08.18"]
[EventType "swiss"]
[EventRounds "9"]
[EventCountry "RUS"]
[SourceTitle "CBM 150 Extra"]
[Source "ChessBase"]
[SourceDate "2012.10.19"]
[SourceVersion "1"]
[SourceVersionDate "2012.10.19"]
[SourceQuality "1"]

1. e4 e5 2. Nf3 Nc6 3. d4 exd4 4. Nxd4 Bc5 5. Nxc6 Qf6 6. Qf3 bxc6 7. Qf4 d6 8. Bd3 Qxf4 9. Bxf4 Ne7 10. Nd2 Rb8 11. Nb3 Bb6 12. a4 a5 13. Bd2 Ra8 14. Bc3 0-0 15. 0-0 Ng6 16. Rfe1 Re8 17. Nd2 Ne5 18. Bxe5 dxe5 19. Bc4 Kf8 20. Kf1 Ke7 21. Rad1 Rd8 22. h3 f6 23. Ke2 Be6 24. Bxe6 Kxe6 25. Nc4 Ke7 26. f3 Rxd1 27. Rxd1 Rd8 28. Ra1 Rd4 29. Nd2 Kd8 30. c3 Rd7 31. Nc4 Kc8 32. Rd1 Rxd1 33. Kxd1 Kb7 34. Ke2 Ka6 35. g3 Bc5 36. f4 exf4 37. gxf4 g6 38. Kf3 Bd6 39. Kg4 Be7 40. h4 h5+ 41. Kg3 Bc5 42. e5 Be7 43. exf6 Bxf6 44. Ne5 Bxe5 45. fxe5 1-0

[Event "Tambov Korensky Memorial 19th"]
[Site "Tambov"]
[Date "2010.08.28"]
[Round "8"]
[White "Seryogin, Peter V"]
[Black "Kupreichik, Viktor D"]
[Result "0-1"]
[WhiteElo "2243"]
[BlackElo "2447"]
[PlyCount "62"]
[EventDate "2010.08.21"]
[EventType "swiss"]
[EventRounds "9"]
[EventCountry "RUS"]
[SourceTitle "EXT 2022"]
[Source "ChessBase"]
[SourceDate "2021.10.06"]
[SourceVersion "1"]
[SourceVersionDate "2021.10.06"]
[SourceQuality "1"]

1. e4 Nf6 2. Nc3 e5 3. Nf3 Nc6 4. d4 exd4 5. Nxd4 Bb4 6. Nxc6 bxc6 7. Bd3 d5 8. exd5 cxd5 9. 0-0 0-0 10. Nb5 Bg4 11. f3 Bd7 12. c3 Be7 13. Nd4 c5 14. Nf5 Bxf5 15. Bxf5 Qb6 16. Kh1 Rfe8 17. Qb3 Bd6 18. Rd1 Qc7 19. Bg5 Re5 20. g4 Re2 21. Rd2 Rxd2 22. Bxd2 Bxh2 23. Bg5 Qg3 24. Qc2 Qxf3+ 25. Kxh2 Re8 26. Bd3 Nxg4+ 27. Kg1 Re5 28. Bh4 Qh3 29. Be1 Ne3 30. Qh2 Rg5+ 31. Kh1 Qf3+ 0-1

[Event "Tambov Korensky Memorial 19th"]
[Site "Tambov"]
[Date "2010.08.21"]
[Round "1"]
[White "Sychev, Vitaly"]
[Black "Seryogin, Peter V"]
[Result "0-1"]
[WhiteElo "2032"]
[BlackElo "2243"]
[PlyCount "96"]
[EventDate "2010.08.21"]
[EventType "swiss"]
[EventRounds "9"]
[EventCountry "RUS"]
[SourceTitle "EXT 2022"]
[Source "ChessBase"]
[SourceDate "2021.10.06"]
[SourceVersion "1"]
[SourceVersionDate "2021.10.06"]
[SourceQuality "1"]

1. e4 e5 2. Nf3 Nc6 3. Bc4 Nf6 4. d4 exd4 5. 0-0 Nxe4 6. Re1 d5 7. Bxd5 Qxd5 8. Nc3 Qa5 9. Nxe4 Be6 10. Neg5 0-0-0 11. Nxe6 fxe6 12. Rxe6 Bd6 13. Bg5 Rde8 14. Qe1 Qxe1+ 15. Raxe1 Kd7 16. Rxe8 Rxe8 17. Rxe8 Kxe8 18. Bd2 Ke7 19. Kf1 h6 20. Ke2 Ke6 21. Kd3 Kd5 22. a3 Ne5+ 23. Nxe5 Bxe5 24. f4 Bf6 25. a4 a6 26. b3 b6 27. a5 b5 28. b4 Bd8 29. Be1 Be7 30. g4 Bd6 31. Bd2 g6 32. h3 c5 33. bxc5 Bxc5 34. f5 gxf5 35. Bxh6 fxg4 36. hxg4 Bb4 37. g5 Bxa5 38. g6 Ke6 39. Kxd4 Bb6+ 40. Kc3 a5 41. Kb3 Bc5 42. c3 Kf6 43. g7 Kf7 44. Kc2 a4 45. Kb2 Bd6 46. Kc2 Be5 47. Kd3 b4 48. c4 a3 0-1

[Event "Tambov Korensky Memorial 18th"]
[Site "Tambov"]
[Date "2009.08.27"]
[Round "6"]
[White "Pecheritsa, Vitaly"]
[Black "Seryogin, Peter V"]
[Result "1-0"]
[WhiteElo "2319"]
[BlackElo "2182"]
[PlyCount "67"]
[EventDate "2009.08.22"]
[EventType "swiss"]
[EventRounds "9"]
[EventCountry "RUS"]
[SourceTitle "CBM 132 Extra"]
[Source "ChessBase"]
[SourceDate "2009.11.03"]
[SourceVersion "1"]
[SourceVersionDate "2009.11.03"]
[SourceQuality "1"]

1. e4 e6 2. d4 d5 3. e5 c5 4. c3 Qb6 5. Nf3 Nc6 6. a3 Nh6 7. b4 cxd4 8. cxd4 Nf5 9. Bb2 Be7 10. Bd3 a5 11. Qa4 0-0 12. b5 f6 13. 0-0 fxe5 14. dxe5 Bc5 15. bxc6 Qxb2 16. Nbd2 Qb6 17. cxb7 Qxb7 18. Qc2 Qe7 19. Nb3 Bb6 20. Rfc1 Bd7 21. Qe2 Ba4 22. Nbd2 Nd4 23. Qf1 Rf4 24. Rab1 Bc5 25. Nxd4 Bxd4 26. Nf3 Bc5 27. Rc3 Raf8 28. Qc1 Rxf3 29. gxf3 Bd4 30. Rc8 Bxe5 31. Rxf8+ Qxf8 32. Qg5 Bf6 33. Qf4 Be8 34. Rb8 1-0

[Event "Tambov Korensky Memorial 18th"]
[Site "Tambov"]
[Date "2009.08.23"]
[Round "2"]
[White "Alikhanov, Felix"]
[Black "Seryogin, Peter V"]
[Result "0-1"]
[WhiteElo "2455"]
[BlackElo "2182"]
[PlyCount "100"]
[EventDate "2009.08.22"]
[EventType "swiss"]
[EventRounds "9"]
[EventCountry "RUS"]
[SourceTitle "CBM 132 Extra"]
[Source "ChessBase"]
[SourceDate "2009.11.03"]
[SourceVersion "1"]
[SourceVersionDate "2009.11.03"]
[SourceQuality "1"]

1. e4 c6 2. d4 Na6 3. Nc3 Nc7 4. f4 d5 5. e5 g6 6. Nf3 Bg7 7. Be2 Nh6 8. 0-0 0-0 9. Be3 b6 10. Kh1 Ne6 11. Qd2 f6 12. Bd3 f5 13. Ne2 c5 14. c3 a5 15. h3 Ba6 16. Bxa6 Rxa6 17. Ng5 Nxg5 18. fxg5 Nf7 19. h4 e6 20. Nf4 Re8 21. g4 b5 22. gxf5 exf5 23. Qg2 Ra7 24. Rfe1 Rae7 25. Nxd5 Rd7 26. Nf6+ Bxf6 27. gxf6 cxd4 28. cxd4 Re6 29. Rad1 Rxe5 30. Qc6 Re4 31. Bf2 Rd6 32. Qxb5 Qxf6 33. Rxe4 fxe4 34. Rf1 Qe6 35. Kh2 e3 36. Re1 Rb6 37. Rxe3 Qd6+ 38. Bg3 Rxb5 39. Bxd6 Rxb2+ 40. Kh3 Nxd6 41. Ra3 Rb5 42. Rd3 Rd5 43. Ra3 Nf5 44. h5 Kf7 45. hxg6+ hxg6 46. Rb3 Rxd4 47. a3 a4 48. Rb7+ Kf6 49. Ra7 Kg5 50. Kg2 Kf4 0-1

[Event "Central FO-ch"]
[Site "Gagarin"]
[Date "2009.05.02"]
[Round "2"]
[White "Sokolov, Alexey"]
[Black "Seryogin, Peter V"]
[Result "1/2-1/2"]
[WhiteElo "2185"]
[BlackElo "2178"]
[PlyCount "90"]
[EventDate "2009.05.01"]
[EventType "swiss"]
[EventRounds "9"]
[EventCountry "RUS"]
[SourceTitle "CBM 130 Extra"]
[Source "ChessBase"]
[SourceDate "2009.07.02"]
[SourceVersion "2"]
[SourceVersionDate "2009.07.15"]
[SourceQuality "1"]

1. e4 e6 2. d4 d5 3. Nd2 Nf6 4. e5 Nfd7 5. Bd3 c5 6. c3 Nc6 7. Ne2 cxd4 8. cxd4 f6 9. exf6 Nxf6 10. 0-0 Bd6 11. Nf3 Qc7 12. Ng3 0-0 13. a3 e5 14. dxe5 Nxe5 15. Be2 Nxf3+ 16. Bxf3 Be6 17. Be3 Rad8 18. Rc1 Qb8 19. Re1 Rfe8 20. Qa4 b6 21. Bg5 Be5 22. Qb4 h6 23. Rxe5 Qxe5 24. Bf4 a5 25. Qd2 Ne4 26. Bxe4 Qf6 27. Bf3 Bf7 28. Ne2 d4 29. Bg3 Bd5 30. Bxd5+ Rxd5 31. Nf4 Rde5 32. h3 Rc5 33. Rd1 g5 34. Nd3 Rd5 35. Re1 Re6 36. Rc1 Rd8 37. Qc2 h5 38. Qc4 Kf8 39. Qb5 Rde8 40. Rd1 h4 41. Be5 Rxe5 42. Nxe5 Rxe5 43. Qc4 Qf4 44. Qc8+ Re8 45. Qc4 Re5 1/2-1/2

[Event "CFO-chT"]
[Site "Elets"]
[Date "2008.12.20"]
[Round "5"]
[White "Seryogin, Peter V"]
[Black "Geranichev, Mikhail"]
[Result "1-0"]
[WhiteElo "2134"]
[BlackElo "1847"]
[PlyCount "85"]
[EventDate "2008.12.17"]
[EventType "team-tourn"]
[EventRounds "7"]
[EventCountry "RUS"]
[SourceTitle "EXT 2011"]
[Source "ChessBase"]
[SourceDate "2010.11.26"]
[SourceVersion "1"]
[SourceVersionDate "2010.11.26"]
[SourceQuality "1"]

1. e4 c5 2. Nc3 Nc6 3. Bb5 g6 4. Bxc6 dxc6 5. d3 Bg7 6. Nge2 Nf6 7. 0-0 0-0 8. Qe1 Qc7 9. f4 Rd8 10. Be3 b6 11. h3 Ba6 12. b3 Nd7 13. Rd1 e5 14. f5 f6 15. Qg3 Nf8 16. h4 Qf7 17. Qf3 Rd6 18. g4 Rad8 19. Ng3 Bc8 20. g5 Bd7 21. Rd2 Be8 22. Rg2 R8d7 23. Nd1 a5 24. a4 Rb7 25. Nf2 Nd7 26. Ng4 b5 27. gxf6 Bf8 28. fxg6 hxg6 29. Nf5 Rxf6 30. Bg5 Rxf5 31. exf5 Qd5 32. Qxd5+ cxd5 33. axb5 Rxb5 34. Nf6+ Nxf6 35. Bxf6 c4 36. fxg6 cxd3 37. Bxe5 dxc2 38. Rxc2 Bc5+ 39. Kh2 d4 40. g7 Ba3 41. Bxd4 Bd6+ 42. Kg2 Rb8 43. Rf6 1-0